| 000 | 00541nam a2200133 a 4500 | ||
|---|---|---|---|
| 008 | 140527s1989 ||||||||||||||||| || u | ||
| 050 | _aTDRC(058)AR/1989 | ||
| 110 | _aTropical Diseases Research Centre (TDRC) | ||
| 245 | 1 | 0 | _aTropical Diseases Research Centre eighth annual report 1989 |
| 260 |
_aNdola _bTDRC _c1989 |
||
| 300 | _aiii, 51p. | ||
| 650 | _aTROPICAL DISEASES RESEARCH CENTRE--ZAMBIA | ||
| 995 |
_FCBU-MAIN LIBRARY (Kitwe) _M1 _UAVAILABLE _WMay 27, 2014 _ZInternational Publications |
||
| 999 |
_c60461 _d60461 |
||